LDR 01004naa#a2200205#i#450# 001 RU\\bibl\120275 005 20260416205225.4 011 ## _a1819-4036 100 ## _a20210331b2021####ek#y0rusy0150####ca 102 ## _aRU 200 1# _aВЛИЯНИЕ ФИТОПРЕПАРАТА «ДЕПРИМ» НА НЕСПЕЦИФИЧЕСКУЮ РЕЗИСТЕНТНОСТЬ ОРГАНИЗМА ПОРОСЯТ _eЖурнальная статья 210 1# _aКрасноярск _cКрасноярский государственный аграрный университет _d2021 215 ## _a7 с. 608 ## _aЖурнальная статья _2local 675 ## _aСравнительная патология. Ветеринария. 619 _z 700 #1 _aВатников _gЮрий Анатольевич 700 #1 _aРуденко _gПавел Анатольевич 700 #1 _aКуликов _gЕвгений Владимирович 700 #1 _aРуденко _gВиктория Борисовна 856 4# _avestnik.kgau.ru _u